Работы по термодинамике и кинетике химических процессов: сборник статей

التفاصيل البيبلوغرافية
مؤلف مشترك: Государственный институт прикладной химии (ГИПХ)
مؤلفون آخرون: Шпак В. С. (редактор)
اللغة:الروسية
منشور في: Ленинград, ГИПХ, 1976
الموضوعات:
التنسيق: كتاب
KOHA link:https://koha.lib.tpu.ru/cgi-bin/koha/opac-detail.pl?biblionumber=160878

MARC

LEADER 00000nam0a2200000 4500
001 160878
005 20231031155732.0
035 |a (RuTPU)RU\TPU\book\174471 
090 |a 160878 
100 |a 20090530d1976 k y0rusy50 ca 
101 0 |a rus 
102 |a RU 
105 |a a z 001zy 
200 1 |a Работы по термодинамике и кинетике химических процессов  |e сборник статей  |f Государственный институт прикладной химии (ГИПХ) ; под ред. В. С. Шпака 
210 |a Ленинград  |c ГИПХ  |d 1976 
215 |a 80 с.  |c ил. 
320 |a Библиогр. в конце ст. 
610 1 |a химические процессы 
610 1 |a термодинамика 
610 1 |a кинетика 
610 1 |a научные статьи 
610 1 |a химическая термодинамика 
610 1 |a химическая кинетика 
675 |a 544.3  |v 3 
675 |a 544.42  |v 3 
702 1 |a Шпак  |b В. С.  |4 340 
712 0 2 |a Государственный институт прикладной химии (ГИПХ)  |c (Ленинград)  |c (1924-1992)  |2 stltpush  |3 (RuTPU)RU\TPU\col\1662 
801 1 |a RU  |b 63413507  |c 20090530  |g PSBO 
801 2 |a RU  |b 63413507  |c 20130802  |g PSBO 
942 |c BK